[Event "Mittelfranken Mitte-ch 0102"]
[Site "Zirndorf"]
[Date "2002.??.??"]
[Round "3"]
[White "Chadwell, Eugene"]
[Black "Pilch, Jan"]
[Result "1-0"]
[WhiteElo "1718"]
[BlackElo "1517"]
[PlyCount "47"]
[EventDate "2002.01.12"]
[EventType "swiss"]
[EventRounds "7"]
[EventCountry "GER"]
[SourceTitle "EXT 2015"]
[Source "ChessBase"]
[SourceDate "2014.11.20"]
[SourceVersion "1"]
[SourceVersionDate "2014.11.20"]
[SourceQuality "1"]

1. e4 e5 2. Nf3 Nc6 3. d4 exd4 4. Nxd4 Bc5 5. Be3 d6 6. Nxc6 bxc6 7. Bxc5 dxc5 8. Qxd8+ Kxd8 9. Bc4 f6 10. Nc3 Nh6 11. 0-0-0+ Ke7 12. f3 Nf7 13. Bxf7 Kxf7 14. Na4 Be6 15. Nxc5 Bxa2 16. b3 a5 17. Kb2 Bxb3 18. cxb3 Rhb8 19. Rd7+ Kg8 20. Rhd1 a4 21. R1d3 axb3 22. Rxb3 Re8 23. Rxc7 Red8 24. Rd7 1-0

[Event "Mittelfranken Mitte-ch 0102"]
[Site "Zirndorf"]
[Date "2002.??.??"]
[Round "2"]
[White "Pilch, Jan"]
[Black "Roeckl, Adelbert"]
[Result "0-1"]
[WhiteElo "1517"]
[BlackElo "1368"]
[PlyCount "124"]
[EventDate "2002.01.12"]
[EventType "swiss"]
[EventRounds "7"]
[EventCountry "GER"]
[SourceTitle "EXT 2015"]
[Source "ChessBase"]
[SourceDate "2014.11.20"]
[SourceVersion "1"]
[SourceVersionDate "2014.11.20"]
[SourceQuality "1"]

1. e4 d5 2. exd5 Qxd5 3. Nc3 Qa5 4. d4 c6 5. Nf3 Nf6 6. Bd2 Bf5 7. Bc4 e6 8. a3 Nbd7 9. Ne4 Qc7 10. Ng3 Bg6 11. 0-0 h5 12. Ne5 Nxe5 13. dxe5 h4 14. exf6 hxg3 15. fxg3 Bc5+ 16. Kh1 Qxg3 17. Bf4 Qh4 18. fxg7 Rg8 19. b4 Rd8 20. Qc1 Bd4 21. c3 Bxg7 22. Qe3 Rh8 23. Bxe6 Kf8 24. Bg3 Qh5 25. Rae1 Kg8 26. Rf4 Bh6 27. Bg4 Bxf4 28. Qxf4 Qd5 29. h3 Kg7 30. Kh2 Rhe8 31. Rd1 Qe4 32. Qc1 Rxd1 33. Qxd1 Qd5 34. Qa1 Kh7 35. Qf1 f5 36. Bf3 Qf7 37. Qd1 Qe7 38. Qd4 Qe3 39. Qh4+ Kg7 40. Bf4 Qxc3 41. Qh6+ Kf7 42. h4 Rh8 43. Qg5 Qf6 44. Qxf6+ Kxf6 45. g3 Bh5 46. Be3 Ke6 47. Bxh5 Rxh5 48. Bxa7 Kd5 49. Be3 Kc4 50. Kg2 Kb3 51. Bc1 Rh8 52. Kf3 Rd8 53. Ke2 Kc2 54. Bf4 Rd1 55. h5 Rh1 56. h6 Kb3 57. Bg5 Kxa3 58. Bh4 f4 59. h7 fxg3 60. h8Q g2 61. Qc3+ Ka4 62. Qxc6+ bxc6 0-1

[Event "Mittelfranken Mitte-ch 9900"]
[Site "Zirndorf"]
[Date "2000.??.??"]
[Round "6"]
[White "Pilch, Jan"]
[Black "Erlbeck, Peter"]
[Result "0-1"]
[WhiteElo "1556"]
[BlackElo "1994"]
[PlyCount "86"]
[EventDate "2000.01.22"]
[EventType "swiss"]
[EventRounds "7"]
[EventCountry "GER"]
[SourceTitle "EXT 2015"]
[Source "ChessBase"]
[SourceDate "2014.11.20"]
[SourceVersion "1"]
[SourceVersionDate "2014.11.20"]
[SourceQuality "1"]

1. e4 c5 2. Nf3 Nc6 3. d4 cxd4 4. Nxd4 Nf6 5. Nc3 e6 6. Bg5 Be7 7. Nxc6 bxc6 8. Bd3 Nxe4 9. Bxe7 Nxc3 10. Bxd8 Nxd1 11. Rxd1 Kxd8 12. 0-0 Ke7 13. Rfe1 d5 14. c4 Bd7 15. c5 f6 16. Re3 Rab8 17. b3 Kf7 18. Rde1 e5 19. Bc2 g6 20. a3 Bf5 21. Bd1 h5 22. b4 d4 23. R3e2 Rhe8 24. Rd2 Be6 25. h3 a5 26. Rb2 axb4 27. axb4 Re7 28. Bf3 Reb7 29. Ra1 Bd7 30. Ra4 Ke6 31. g4 hxg4 32. Bxg4+ f5 33. Be2 Kd5 34. f3 Rh8 35. Bf1 e4 36. f4 Rh4 37. Rd2 Rxf4 38. b5 e3 39. Bg2+ Ke5 40. Re2 Rxb5 41. Ra7 Rb1+ 42. Kh2 Be6 43. Bxc6 Rf2+ 0-1